MARC

LEADER 00000nas a2200000 a 4500
001 ssj0000144
003 WaSeSS
005 20200512172242.0
006 m d
007 cr n
008 021211c19809999mnuqn p s 0 0eng c
010 |a  2002227367 
016 7 |a 2026606-6  |2 DE-600 
016 7 |a 012432971  |2 Uk 
022 |a 1741-3729  |l 0197-6664  |y 0197-6664 
035 |a (WaSeSS)ssj0000144 
040 |a EYM  |b eng  |c EYM  |d OCLCQ  |d OCL  |d OCLCQ  |d FQM  |d OCLCQ  |d GUA  |d ZAD  |d IUL  |d OCLCQ  |d OCLCF  |d OCLCO  |d VT2  |d NLGGC  |d OCLCQ  |d OCLCO  |d OCLCQ  |d DEBBG  |d TSC  |d Z5A  |d OCLCO  |d PIFAG  |d OCLCQ  |d OCLCO  |d ILACE  |d OCLCA  |d ELW  |d OCLCO  |d BUF  |d OCLCQ  |d CASUM  |d UKMGB  |d OCLCQ  |d U3W  |d OCLCO  |d NJT  |d SFB  |d OCLCA  |d CNMTR  |d OCLCA  |d WaSeSS 
042 |a pcc 
050 1 4 |a HQ1 
060 0 0 |a W1  |b FA454H 
082 0 4 |a 306.8705 
130 0 |a Family relations (Online) 
245 1 0 |a Family relations  |h [electronic resource]. 
260 |a Minneapolis, Minn. :  |b National Council on Family Relations,  |c 1980- 
310 |a Five issues per year,  |b 2004- 
321 |a Quarterly,  |b 1980-2003 
362 0 |a Vol. 29, no. 1 (Jan. 1980)- 
500 |a Title from title screen (Wiley Interscience, viewed Apr. 23, 2010). 
506 |a License restrictions may limit access. 
588 |a Latest issue consulted: Vol. 59, no. 1 (Feb. 2010) (EBSCOHost, viewed Apr. 23, 2010). 
650 0 |a Families  |v Periodicals. 
650 0 |a Family life education  |v Periodicals. 
650 7 |a Families.  |2 fast  |0 (OCoLC)fst01728849 
650 7 |a Family life education.  |2 fast  |0 (OCoLC)fst00920371 
650 2 |a Family Relations. 
650 2 |a Family. 
650 2 |a Behavior. 
650 2 |a Psychology. 
655 0 |a Electronic journals. 
710 2 |a National Council on Family Relations. 
776 0 8 |i Print version:  |t Family relations  |x 0197-6664  |w (DLC) 80642226  |w (OCoLC)5885388 
780 0 0 |t Family coordinator (Online)  |w (DLC) 2002227366  |w (OCoLC)51205568 
856 4 0 |z Full text available from Research Library: 01/01/1992 to 1 year ago  |u https://search.proquest.com/publication/41641